000 00553nam a2200229 a 4500
001 nice12345678
003 IN_TiNIC
005 20260116012122.0
008 070702s1992 seca grp 000 0 eng
020 _a
_c100
082 0 0 _a297.86
_bALL3
100 _aAllahdin, Abdullah
245 _aPromised World Messenger
260 _aSecunderabad
_bNo Publisher
_c1992
300 _a487p
500 _aincludes index and biblioraphy
650 _aAhmadiyyah
700 1 _aAllahdin, Abdullah
902 _bRBA
942 _cBK
999 _c5721
_d5721